000 00259nam a2200109Ia 4500
008 220204s9999 xx 000 0 und d
082 _a681.31
_bMEG
100 _aMegarry, Jacquetta
245 0 _aComputer world
260 _aLondon
_bPiccolo
_c1983
942 _cBK
999 _c38638
_d38638